| 000 | 02043nam a2200373Ia 4500 | ||
|---|---|---|---|
| 001 | ebr10135731 | ||
| 003 | CaPaEBR | ||
| 006 | m u | ||
| 007 | cr cn||||||||| | ||
| 008 | 050214s2005 nyua sb 001 0 eng d | ||
| 010 | _z 2005040556 | ||
| 020 | _z1403982589 | ||
| 020 | _z0312219415 | ||
| 020 | _z0312232438 (pbk.) | ||
| 040 |
_aCaPaEBR _cCaPaEBR |
||
| 035 | _a(OCoLC)560470997 | ||
| 050 | 1 | 4 |
_aHQ1426 _b.B429 2005eb |
| 082 | 0 | 4 |
_a305.43/0973 _222 |
| 100 | 1 | _aBergmann, Barbara R. | |
| 245 | 1 | 4 |
_aThe economic emergence of women _h[electronic resource] / _cBarbara R. Bergmann. |
| 250 | _a2nd ed., 1st ed. | ||
| 260 |
_aNew York : _bPalgrave Macmillan, _cc2005. |
||
| 300 |
_a255 p. : _bill. |
||
| 504 | _aIncludes bibliographical references (p. [231]-250) and index. | ||
| 505 | 0 | 0 |
_g1. _tThe breakup of the sex-role caste system -- _g2. _tWhy did women emerge? -- _g3. _tThe social factors : births, schools, divorces, ideas -- _g4. _t"Women's place" in the labor market -- _g5. _tOccupational segregation by sex : the root of women's disadvantage -- _g6. _tSetting the pay for the jobs women hold -- _g7. _tGovernment action against discrimination -- _g8. _tAffirmative action and pay equity -- _g9. _tThe occupation of housewife -- _g10. _tLone parents and their poverty -- _g11. _tKeeping house : the economics and politics of family care -- _g12. _t"Industrializing" housework and child care -- _g13. _tA policy agenda for the sex-role revolution. |
| 533 |
_aElectronic reproduction. _bPalo Alto, Calif. : _cebrary, _d2009. _nAvailable via World Wide Web. _nAccess may be limited to ebrary affiliated libraries. |
||
| 650 | 0 |
_aWomen _zUnited States _xEconomic conditions. |
|
| 650 | 0 |
_aWomen _xEmployment _zUnited States. |
|
| 650 | 0 |
_aSex discrimination against women _zUnited States. |
|
| 650 | 0 |
_aHousewives _zUnited States. |
|
| 655 | 7 |
_aElectronic books. _2local |
|
| 710 | 2 | _aebrary, Inc. | |
| 856 | 4 | 0 |
_uhttp://site.ebrary.com/lib/rucke/Doc?id=10135731 _zAn electronic book accessible through the World Wide Web; click to view |
| 999 |
_c189330 _d189330 |
||